=LDR 00000nam 2200000 4500 =001 INLIS000000000027938 =005 20130612130258 =008 ***********************************Ind** =035 ##$$0010-061300000027938 =041 ##$$a Ind =082 ##$$a F Rom D =090 ##$$a F Rom, Mir m =100 ##$$a MIRA W =245 ##$$a Masih ada kereta yang akan lewat, Mira W =260 ##$$a 2003 $b Jakarta =300 ##$$a 244 hlm., 18 cm =650 ##$$a Fiksi dewasa-Indonesia =850 ##$$a NBPNMAT